Statistics for European Countries with Large Cities

Click here to take the quiz!

General Stats

  • This quiz has been taken 2,158 times
  • The average score is 15 of 16

Answer Stats

# City Country % Correct
6Cologne / Dusseldorf, Berlin, Frankfurt, Hamburg, Stuttgart, MunichGermany
100%
4London, Birmingham, Manchester, LeedsUnited Kingdom
100%
2Madrid, BarcelonaSpain
99%
1ParisFrance
99%
3Milan, Naples, RomeItaly
99%
2Moscow, St. PetersburgRussia
98%
2Katowice, WarsawPoland
96%
1StockholmSweden
94%
1AthensGreece
94%
2Rotterdam, AmsterdamNetherlands
93%
1LisbonPortugal
93%
1ViennaAustria
93%
1BrusselsBelgium
92%
1KievUkraine
92%
1BucharestRomania
90%
1BudapestHungary
89%

Score Distribution

Percentile by Number Answered

Percent of People with Each Score

Your Score History

You have not taken this quiz